| 000 | 00965nam a22001457a 4500 | ||
|---|---|---|---|
| 999 |
_c7701 _d7701 |
||
| 008 | 230404b ||||| |||| 00| 0 eng d | ||
| 040 | _aCDMR | ||
| 245 |
_aEn el AVE con humor 2 _c/ [Coordinación del libro: Jaume Capdevila, "Kap"] |
||
| 260 |
_a[León] : _b[Gráficas Celarayn], _cDL 2022 |
||
| 300 | _a105 pàgines | ||
| 505 | _aAl costat de KAP, s’han unit al projecte dibuixants dels principals mitjans, com Iñaki y Frenchy, Ant, Arranz, Micki y Duarte, Quel, JM Nieto, Espinosa, Jab, Don Julio, Ventura, Ermengol, José Orcajo, Pinto&Chinto, Lluïsot, Gallego&Rey, Judit Frigola, Malagón, Enrique, Bernal, Puebla, Raúl, Ana Belén Rivero, Salazar, López Rubiño, Idoia, DGV+ J. Aldeguer, Ricardo, Adela, Jordi March, Turcios, Helena Anillo, Raquel Gu, Maribel Carod, Tres, Pepe Farruqo, Javi Salado, Judas, Faro, Manel F, Nani, Kim, Alfredo, a més de Matias. | ||
| 650 | 0 |
_93084 _aHumorisme gràfic _zEspanya |
|
| 700 | 0 |
_91346 _aKap |
|
| 942 |
_2udc _cMON |
||